• 首页
  • 本馆介绍
  • 公告通知
  • 最新文献
  • 馆藏检索
  • 电子资源
  • 读者导购
  • 参考咨询
  • 我的图书馆
  • 登录
  • 详细信息显示
  • 放入我的书架
  • 预约/预借图书
  • 作者相关作品
  • 分类相关作品
  • 丛书相关作品
  • 出版社相关作品

书目信息

  • 表格格式
  • 工作单格式
  • 卡片格式
题名:
食品中农药最大残留限量标准 (GB 2763-2019) 应用指南
    
 
作者: 季颖 , 李富根 , 朴秀英 编著 ;农业农村部 , 国家农药残留标准审评委员会秘书处 编著
分册:  
出版信息: 北京   中国农业出版社  2020.10
页数: 371页
开本: 26cm
丛书名:
单 册:
中图分类: S481-62
科图分类:
主题词: 农药残留--nong yao can liu--国家标准--指南
电子资源:
ISBN: 978-7-109-27314-6
000 01441nam0 2200289 450
001 CAL 0120203111113
005 20230217093111.0
010    @a978-7-109-27314-6@dCNY158.00
100    @a20201124d2020 em y0chiy0120 ea
101 0  @achi
102    @aCN@b110000
105    @ak l 000yy
106    @ar
200 1  @a食品中农药最大残留限量标准 (GB 2763-2019) 应用指南@Ashi pin zhong nong yao zui da can liu xian liang biao zhun ( GB 2763-2019 ) ying yong zhi nan@f农业农村部农药检定所, 国家农药残留标准审评委员会秘书处编著
210    @a北京@c中国农业出版社@d2020.10
215    @a371页@d26cm
314    @a书内题: 季颖, 李富根, 朴秀英主编
330    @a本书内容主要以食品种类为主题编排农药最大残留限量和配套的检测方法, 而GB 2763-2019以农药种类为主题编排, 两者互为补充, 以满足不同读者的查询需要。本书编写组对新标准分别以农药和食品为主线进行了整理汇编, 以便相关专业和行业的读者查询、使用GB 2763-2019是目前我国统一规定食品中农药最大残留限量的强制性国家标准。
606 0  @a农药残留@Anong yao can liu@x国家标准@j指南
690    @aS481-62@v5
701  0 @a季颖@Aji ying@4编著
701  0 @a李富根@Ali fu gen@4编著
701  0 @a朴秀英@Apu xiu ying@4编著
711 02 @a农业农村部@Anong ye nong cun bu@b农药检定所@Bnong yao jian ding suo@4编著
711 02 @a国家农药残留标准审评委员会秘书处@Aguo jia nong yao can liu biao zhun shen ping wei yuan hui mi shu chu@4编著
801  0 @aCN@bBJXHZP@c20230228
905    @b1395490-3@dS481-62@e227@f4
    
    食品中农药最大残留限量标准 (GB 2763-2019) 应用指南/农业农村部农药检定所, 国家农药残留标准审评委员会秘书处编著.-北京:中国农业出版社,2020.10
    371页;26cm
    
    
    ISBN 978-7-109-27314-6:CNY158.00
    本书内容主要以食品种类为主题编排农药最大残留限量和配套的检测方法, 而GB 2763-2019以农药种类为主题编排, 两者互为补充, 以满足不同读者的查询需要。本书编写组对新标准分别以农药和食品为主线进行了整理汇编, 以便相关专业和行业的读者查询、使用GB 2763-2019是目前我国统一规定食品中农药最大残留限量的强制性国家标准。
●
相关链接 在E读中查询图书 在五车中查询图书 在当当中查询图书 在豆瓣中查询图书


正题名:食品中农药最大残留限量标准 (GB 2763-2019) 应用指南     索取号:S481-62/227         预约/预借

序号 登录号 条形码 馆藏地/架位号 状态 备注
1 1395490   213954906   第二样本阅览室/ [索取号:S481-62/227] 在馆    
2 1395491   213954915   第三借阅区/ [索取号:S481-62/227] 在馆    
3 1395492   213954924   第三借阅区/ [索取号:S481-62/227] 在馆    
4 1395493   213954933   第三借阅区/ [索取号:S481-62/227] 在馆    
唐山师范学院图书馆 欢迎您!
大连网信软件有限公司© 版权所有